000 01253nam a2200313 i 4500
001 11108
003 KOSZ 005
005 20220623110549.0
008 050914s1966 pl a f |000 0 pol
015 _aPB 1966/6311
040 _aWA N
_cKOSZ 005/EG
_dKOSZ 005/EG
041 _apol
046 _k1966
080 _a94(438)
080 _a(084)
245 0 0 _aPolska 1944-1965.
_nT. 2,
_p1956-1965 /
_c[koncepcja i red. Stanisław Wroński i Maria Zwolakowa ; materiał il. zebrali Jerzy Tomaszewski i Tadeusz Mazur ; zdjęcia: Stefan Arczyński et al.]
260 _aWarszawa :
_bKsiążka i Wiedza,
_c1966.
300 _a429, [3] s. :
_bil., mapy ;
_c27 cm.
380 _aKsiążki.
500 _aWydawnictwo albumowe.
710 2 _aSpółdzielnia Wydawniczo-Handlowa "Książka i Wiedza"
_4pbl.
700 1 _aWroński, Stanisław
_d(1916-2003)
_eRedakcja
700 1 _aZwolakowa, Maria
_eRedakcja
700 1 _aMazur, Tadeusz
_c(fotograf)
_eIlustracje
700 1 _aArczyński, Stefan
_d(1916- )
_eFotografie
700 1 _aTomaszewski, Jerzy
_d(1924-2016)
_eIlustracje
856 _uhttp://koha.tu.koszalin.pl/cgi-bin/koha/opac-detail.pl?biblionumber=11108
_yKatalog online BPK
942 _2UKD
_cKS
999 _c11108
_d11108